=LDR 00000nam 2200000 4500 =001 INLIS000000000001377 =005 20130612085802 =008 ***********************************Ind** =035 ##$$0010-061300000001377 =041 ##$$a Ind =082 ##$$a 530.076 =090 ##$$a 530.076, Das-d =245 ##$$a Dasar-dasar fisika untuk SMP =260 ##$$a 1996 $b Semarang =300 ##$$a ...jil, ilus, 28 cm =650 ##$$a Fisika =650 ##$$a Studi dan Pengajaran =850 ##$$a NBPNMAT